000 00310nam a2200121Ia 4500
008 220217s9999||||xx |||||||||||||| ||und||
082 _a423 OXF
100 _aOxford
245 0 _aColour Oxford dictionary
260 _aOxford university press
_bOxford
_c2007
300 _b395
650 _aDICTIONARY
_9678
999 _c175272
_d175272